000 00473nam a22001937a 4500
003 MPLRDC
005 20220104190037.0
008 210129b ||||| |||| 00| 0 eng d
020 _a978-986-86268-0-5
082 _a494.1 QJH
100 _a邱建桦
245 _a第一次加盟创业就成功
_c
250 _a初版一刷
260 _a台湾
_b智言馆
_c2010
300 _b
490 _a理财智典 RICH 007
650 _a创业
942 _cBK
_o494.1 QJH
999 _c63604
_d63594